| 000 | 00833nam a2200217 i 4500 | ||
|---|---|---|---|
| 001 | 182054 | ||
| 003 | ES-MaACL | ||
| 005 | 20250714224046.0 | ||
| 008 | 130527q1860 fr a | |||||||| ||fre d | ||
| 080 | _a929 Carlomagno | ||
| 100 | 1 |
_aDumas, Alexandre, _d1802-1870 _eaut _9241135 |
|
| 245 | 1 | 0 |
_aChronique de Charlemagne / _crédigé par Alexandre Dumas |
| 260 |
_a[S.l. : _bs.n., _cca. 1860] _e(Paris : _fImp. Simon Raçon & Cie.) |
||
| 300 |
_a32 páginas : _bilustraciones ; _c28 cm. |
||
| 594 | _aTít. tomado de pag.1 | ||
| 597 | _aTexto a dos col. | ||
| 600 | 0 | 4 |
_935288 _aCarlomagno, _cEmperador |
| 852 |
_aES-MaACL _cDEPO _eEjemplar falto de portada _gFirma autógrafa de Eugenio Agüera _hDonativo de Eugenio Agüera _jR-1716(1) _xEnc. en un vol. facticio |
||
| 942 |
_2udc _cMONANT _n0 |
||
| 999 |
_c182054 _d182054 |
||